000 01690nam a2200373 i 4500
001 000018065
003 DO-SdBNP
005 20260303084139.0
007 ta
008 100413s2009 dr d 000 0 spa d
020 _a9789945443486
040 _aDO-SdBNP
_bspa
_cBNPHU
_erda
041 _aspa
082 4 _a330.97293
_bC744n 2008
_222
111 2 _aConcurso Biblioteca Juan Pablo Duarte
_d(2008 :
_96999
_cSanto Domingo)
245 1 0 _aNueva literatura económica dominicana :
_bpremios del concurso de economia Biblioteca ¨Juan Pablo Duarte¨ 2008 /
_cedición, Elvis Francis Soto, Albertina Méndez.
264 1 _aSanto Domingo :
_bBanco Central de la República Dominicana,
_c2009.
300 _a335 páginas :
_bilustraciones, gráficos ;
_c23 cm.
336 _atexto
_btxt
_2rdacontent
337 _asin mediación
_bn
_2rdamedia
338 _avolumen
_bnc
_2rdacarrier
490 1 _aBanco Central de La República Dominicana ;
_v118
490 1 _aNueva literatura económica
_v12
590 _aInventariado, 2018/ YL
650 4 _aPolítica monetaria
_vCongresos, conferencias, etc.
_zRepública Dominicana
_96378
650 0 _aCriminología
_vcongresos, conferencias, etc.
_zRepública Dominicana
_917089
651 4 _aRepública Dominicana
_vCongresos, conferencias, etc.
_xPolítica económica
_97001
651 4 _aRepública Dominica
_vCongresos, conferencias, etc.
_xPolítica social
_939155
700 1 _aSoto, Elvis Francis,
_eeditor
_4ed.
_939156
700 1 _aMéndez, Albertina,
_eeditor
_4ed.
_939157
830 0 _aBanco Central de La República Dominicana ;
_n118
_pNueva literatura económica
_n12
_984486
910 _aValidado. Control de caliad MFF
942 _2ddc
_cLBS1
999 _c17587
_d17587